000 00383nam a22001217a 4500
999 _c13689
_d13689
082 _a954.030
_bث ری
100 _aثریا حسین
245 _aسر سید احمد خان اور ان کا عہد
260 _aعلی گڑھ
_bایجوکیشنل بک ہاؤس
_c٢٠٠٦
300 _aمتفرق صفحات
650 _aSir Syed Ahmed Khan, Surayya Hussain,Ehd
942 _cBK